000 00493nam a22001817a 4500
008 131009b xxu||||| |||| 00| 0 ger d
020 _a3492007392
041 0 _ager
080 _a101.1
100 1 _aBohnet, Heidi
245 1 0 _aDenkanstösse'86
_cHeidi Bohnet
260 _aMünchen :
_aZürich :
_bPiper ;
_c1985
300 _a159 f. :
_c19 cm.
650 0 _aFilozofia
650 0 _aNatyra
650 0 _aNjeriu
942 _2udc
_cBK
999 _c71
_d71